000 00761cam a2200277I 4500
001 50765
005 20230410132554.0
008 040713s2004 mx ab 000 1 spa d
035 _a(OCoLC)ocm56369351
040 _aSTF
_cSTF
_dIXA
_dOCL
_dUGX
020 _a9681672054
020 _a9789681672058
035 _a(OCoLC)56369351
050 1 4 _aPQ7298.3.E597
_bT289u 2004
049 _aGRAL
100 1 _aTenorio-Trillo, Mauricio,
_d1962-
245 1 3 _aEl urbanista /
_cMauricio Tenorio Trillo.
250 _a1. ed.
260 _aMéxico :
_bFondo de Cultura Econónmica,
_c2004.
300 _a352 p. :
_bill., maps ;
_c21 cm.
440 0 _aTezontle
650 4 _aLiteratura mexicana.
942 _2lcc
_cbk
994 _aC0
_bDRFGD
946 _aLspaulino
999 _c83925
_d83925